|
|
|
|
| LEADER |
00000nam0a2200000 4500 |
| 001 |
638 |
| 005 |
20231101204132.0 |
| 010 |
|
|
|a 5283006492
|
| 035 |
|
|
|a (RuTPU)RU\TPU\book\642
|
| 035 |
|
|
|a BOOK00000643
|
| 090 |
|
|
|a 638
|
| 100 |
|
|
|a 20011209d1996 km y0rusy50 ca
|
| 101 |
0 |
|
|a rus
|
| 102 |
|
|
|a RU
|
| 105 |
|
|
|a a g 000zy
|
| 200 |
1 |
|
|a Справочное пособие по основам электротехники и электроники
|f П. В. Ермуратский, А. А. Косякин, В. С. Листвин и др.
|g под ред. А. В. Нетушила
|
| 205 |
|
|
|a 2-е изд., перераб. и доп.
|
| 210 |
|
|
|a Москва
|c Энергоатомиздат
|d 1995
|
| 215 |
|
|
|a 352 с.
|c ил.
|
| 451 |
|
1 |
|0 (RuTPU)RU\TPU\book\4244
|y 5283006492
|t Справочное пособие по основам электротехники и электроники
|f П. В. Ермуратский [и др.]
|g под ред. А. В. Нетушила
|e 2-е изд., перераб. и доп.
|c М.
|n Энергоатомиздат
|d 1997
|p 352 с.
|
| 606 |
1 |
|
|a Электротехника общая
|2 stltpush
|3 (RuTPU)RU\TPU\subj\20906
|9 45967
|
| 606 |
1 |
|
|a Электроника
|2 stltpush
|3 (RuTPU)RU\TPU\subj\20310
|9 45419
|
| 610 |
1 |
|
|a справочники
|
| 675 |
|
|
|a 621.3(035)
|v 3
|
| 675 |
|
|
|a 621.38(035)
|v 3
|
| 701 |
|
1 |
|a Ермуратский
|b П. В.
|g Петр Васильевич
|
| 701 |
|
1 |
|a Косякин
|b А. А.
|g Александр Александрович
|
| 701 |
|
1 |
|a Листвин
|b В. С.
|g Владимир Сергеевич
|
| 701 |
|
1 |
|a Лычкина
|b Г. П.
|g Галина Прохоровна
|
| 701 |
|
1 |
|a Нетушил
|b А. В.
|g Анатолий Владимирович
|
| 701 |
|
1 |
|a Минкин
|b Ю. Б.
|g Юрий Борисович
|
| 702 |
|
1 |
|a Нетушил
|b А. В.
|g Анатолий Владимирович
|4 340
|
| 801 |
|
0 |
|a RU
|b 63413507
|c 20011209
|g PSBO
|
| 801 |
|
2 |
|a RU
|b 63413507
|c 20201010
|g PSBO
|
| 900 |
|
|
|a Электротехника
|
| 900 |
|
|
|a Электротехника и электроника
|
| 942 |
|
|
|c BK
|